<?xml version="1.0" encoding="UTF-8"?><?xml-stylesheet type="text/xsl" href="static/style.xsl"?><OAI-PMH xmlns="http://www.openarchives.org/OAI/2.0/" xmlns:xsi="http://www.w3.org/2001/XMLSchema-instance" xsi:schemaLocation="http://www.openarchives.org/OAI/2.0/ http://www.openarchives.org/OAI/2.0/OAI-PMH.xsd"><responseDate>2026-04-17T23:03:51Z</responseDate><request verb="GetRecord" identifier="oai:www.recercat.cat:2072/422216" metadataPrefix="marc">https://recercat.cat/oai/request</request><GetRecord><record><header><identifier>oai:recercat.cat:2072/422216</identifier><datestamp>2025-04-03T19:59:39Z</datestamp><setSpec>com_2072_98</setSpec><setSpec>col_2072_378196</setSpec></header><metadata><record xmlns="http://www.loc.gov/MARC21/slim" xmlns:dcterms="http://purl.org/dc/terms/" xmlns:xsi="http://www.w3.org/2001/XMLSchema-instance" xmlns:doc="http://www.lyncode.com/xoai" xsi:schemaLocation="http://www.loc.gov/MARC21/slim http://www.loc.gov/standards/marcxml/schema/MARC21slim.xsd">
   <leader>00925njm 22002777a 4500</leader>
   <datafield ind2=" " ind1=" " tag="042">
      <subfield code="a">dc</subfield>
   </datafield>
   <datafield ind2=" " ind1=" " tag="720">
      <subfield code="a">Prats Jover, Laura</subfield>
      <subfield code="e">author</subfield>
   </datafield>
   <datafield ind2=" " ind1=" " tag="720">
      <subfield code="a">Universitat Autònoma de Barcelona. Facultat de Psicologia</subfield>
      <subfield code="e">author</subfield>
   </datafield>
   <datafield ind2=" " ind1=" " tag="260">
      <subfield code="c">2013</subfield>
   </datafield>
   <datafield ind2=" " ind1=" " tag="520">
      <subfield code="a">A través de la metodología cualitativa y desde la investigación fenomenológica, el estudio concluye que la DMT es una potente herramienta de apoyo y complementariedad de la intervención socioeducativa porque abre la posibilidad a una atención más personalizada e integral, ayudando a reforzar la intervención en la dimensión identitaria sin dejar de considerar la importancia de la dimensión conductual. Refuerza la necesidad de vinculación y de aceptación incondicional de la persona más allá de su conducta, aumentando así el sentimiento de pertinencia. Se trata de una experiencia "humanizadora" que facilita la reparación constructiva de la realidad de los chicos y la compensación de los posibles efectos iatrogénicos de la institucionalización.</subfield>
   </datafield>
   <datafield tag="653" ind2=" " ind1=" ">
      <subfield code="a">Dansa</subfield>
   </datafield>
   <datafield tag="653" ind2=" " ind1=" ">
      <subfield code="a">Educació social</subfield>
   </datafield>
   <datafield tag="653" ind2=" " ind1=" ">
      <subfield code="a">Treball social</subfield>
   </datafield>
   <datafield tag="653" ind2=" " ind1=" ">
      <subfield code="a">Intervenció educativa</subfield>
   </datafield>
   <datafield ind2="0" ind1="0" tag="245">
      <subfield code="a">El potencial de la DMT : una mirada centrada en la persona. Análisis del sentido y utilidad de la DMT en un Centro Residencial de Educación Intensiva (CREI) de Catalunya, partiendo de la experiencia de unas prácticas en DMT</subfield>
   </datafield>
</record></metadata></record></GetRecord></OAI-PMH>